España invertebrada : bosquejo de algunos pensamientos historicos /
Guardado en:
| Autor Principal: | |
|---|---|
| Formato: | Libro |
| Publicado: |
Madrid :
Alianza,
1983
|
| Edición: | 2a. ed. |
| Series: | El Arquero, 13
|
| Materias: | |
| Etiquetas: |
Agregar Etiqueta
Sin Etiquetas, Sea el primero en etiquetar este registro!
|
| LEADER | 00567nam a22001815a 4500 | ||
|---|---|---|---|
| 001 | EHU.bham008927 | ||
| 003 | AR-BHAM | ||
| 005 | 20100108104040.0 | ||
| 008 | 130507s1983##################000#0#####d | ||
| 082 | 8 | 6 | |a 864.6 |
| 100 | 1 | |a Ortega Y Gasset, Jose | |
| 245 | 1 | 0 | |a España invertebrada : |b bosquejo de algunos pensamientos historicos / |c Jose Ortega Y Gasset. |
| 250 | |a 2a. ed. | ||
| 260 | |a Madrid : |b Alianza, |c 1983 | ||
| 300 | |a 143 p. | ||
| 490 | 0 | |a El Arquero, 13 | |
| 653 | |a Ensayo espaÑol-1701-1800 | ||
| 859 | |a AR-BHAM |b BIB. HUMANIDADES - General |h 864.6 |i OR8-3A2 |p 372.85 |t Ej.1 | ||
